000 00881nam a22002897a 4500
001 69451
003 UA-OsUOA
005 20220621150201.0
007 ta
008 20100623b un ||||| |||| 00| 0 ukr d
020 _a9789664820230
040 _aUA-OsUOA
_bukr
_cUA-OsUOA
_dUA-OsUOA
041 _aukr
080 _a94(4)
090 _a94(4)
_bБ20
100 _aБалух В. О.
245 _aІсторія середніх віків
_bнавч. посіб. у 2-х т.
260 _aЧернівці
_bНаші книги
_c2009
300 _a496 с.
505 _gТ. 1
_tРаннє середньовіччя
650 7 _a9 Географія. Біографії. Історія
_2UDC
700 _aВ. О. Балух
700 _a В. П. Коцур
942 _cBK
_2udc
955 _a2
999 _c355702
_d355702